| 000 | 00526 a2200169 4500 | ||
|---|---|---|---|
| 003 | OSt | ||
| 005 | 20231007160303.0 | ||
| 008 | 231007b |||||||| |||| 00| 0 eng d | ||
| 020 | _a9781784877163 | ||
| 040 | _coclc | ||
| 082 |
_a823.912 _bBOW/S |
||
| 100 | 1 |
_aBowen, Elizabeth, _d1899-1973 _99708 |
|
| 245 |
_aSELECTED STORIES: _bSelected and introduced by Tessa Hadley / _cElizabeth Bowen |
||
| 260 |
_aLondon: _bVintage, _c2023. |
||
| 300 | _a287 p | ||
| 942 |
_2ddc _cBK _h823.912 _iBOW/S _k823.912 _mBOW/S |
||
| 999 |
_c42592 _d42592 |
||